Statistics for Countries Starting With D

Click here to take the quiz!

General Stats

  • This quiz has been taken 61 times
  • The average score is 4 of 5

Answer Stats

ContinentAnswer% Correct
EuropeDenmark
98%
AfricaDjibouti
90%
North AmericaDominica
90%
North AmericaDominican Republic
90%
AfricaDemocratic Republic of the Congo
69%

Score Distribution

Percentile by Number Answered

Percent of People with Each Score

Your Score History

You have not taken this quiz